| 000 | 01233cam a2200337 a 4500 | ||
|---|---|---|---|
| 001 | 15581603 | ||
| 003 | EG-ScBUE | ||
| 005 | 20220525120425.0 | ||
| 008 | 090109r20102008enka f 001 0 eng d | ||
| 020 | _a9780521707800 (pbk.) | ||
| 035 | _a(OCoLC)ocn229464004 | ||
| 040 |
_aUKM _beng _erda _cUKM _dYDXCP _dBTCTA _dBAKER _dOCLCG _dCDX _dDLC |
||
| 082 | 0 | 4 |
_a428.24 _222 _bODE |
| 100 | 1 |
_aO'Dell, Felicity, _d1947- _eauthor. _95456 |
|
| 245 | 1 | 0 |
_aEnglish collocations in use : _badvanced : how words work together for fluent and natural English, self-study and classroom use / _cFelicity O'Dell, Michael McCarthy. |
| 250 | _aThird printing. | ||
| 264 | 1 |
_aCambridge : _bCambridge University Press, _c2010. |
|
| 300 |
_a188 pages : _billustrations ; _c27 cm |
||
| 336 |
_2rdacontent _atext _btxt |
||
| 337 |
_2rdamedia _aunmediated _bn |
||
| 338 |
_2rdacarrier _avolume _bnc |
||
| 500 | _aIncludes index. | ||
| 650 | 7 |
_aEnglish language _vTextbooks for foreign speakers. _95457 _2BUEsh |
|
| 650 | 7 |
_aCollocation (Linguistics) _95458 _2BUEsh |
|
| 651 | _2BUEsh | ||
| 653 | _bHHUUEENN | ||
| 655 |
_vReading book _934232 |
||
| 700 | 1 |
_aMcCarthy, Michael, _d1947- _eauthor. _95459 |
|
| 942 |
_2ddc _cBB |
||
| 999 |
_c11654 _d11654 |
||